000 00972nam a2200241Ia 4500
003 Ost
005 20260507075409.0
008 260507s9999||||xx |||||||||||||| ||und||
020 _a4061438977
040 _cfsecg
041 _aara
082 _a600
100 _aالبديوي، منصور
_eمؤلف
245 0 _aالمحاسبة الضريبية /
_c منصور البديوي
260 _aالاسكندرية:
_bالمكتب الجامعي الحديث,
_c2010
300 _a472 صفحة؛
_bإيضاحات ؛
_c24 سم
520 _aيضم فلسفة قانون الضريبة على الدخل رقم91 لسنة 2005، الضريبة على المرتبات، الاطار النظري للضريبة العامة على المبيعات
653 _aالضرائب- المحاسبة
653 _aضرائب الدخل
653 _aضرائب الدخل- محاسبة
700 _aشتيوي، أيمن
_eمؤلف ثانوي
942 _cكتاب
999 _c44369
_d44369